000 00376nam a2200145Ia 4500
008 240624s9999 xx 000 0 und d
041 _aeng
082 _a004.068 BOT
100 _aBOTT FRANK
245 _aPROFESSIONAL ISSUES IN INFORMATION TECHN
250 _a(2nd ed.)
260 _c2014
_aNew Delhi
_bViva Books
300 _axix, : 189 : p. : cm. ; 23
365 _cRS
_b33
999 _c27461
_d27461